Borders from South Africa to Norway - Statistics

General Stats
  • This quiz has been taken 724 times
  • The average score is 11 of 13
Answer Stats
Answer % Correct
South Africa
99%
Mozambique
91%
Tanzania
90%
Kenya
89%
Egypt
88%
Ethiopia
88%
Sudan
88%
Norway
86%
Israel
84%
Syria
84%
Turkey
84%
Russia
83%
Georgia
79%
No matching quizzes found
Score Distribution
Percent of People with Each Score
Percentile by Number Answered
Your Score History
You have not taken this quiz